| 000 | 00837cam a2200217 4500 | ||
|---|---|---|---|
| 001 | WB3734-24 | ||
| 008 | 010912n2001 000 0 eng u | ||
| 035 | _a(Sirsi) u114542 | ||
| 245 | _aAlarm on materials | ||
| 260 | _c2001 | ||
| 490 |
_aPlanning (for the Natural and Built Environment) _v(1435) 7 September 2001, 2(1) |
||
| 520 | _aThe Construction Products Association (CPA) has called for mineral plans to be overhauled as part of the planning Green paper. The CPA claims that mineral plans fail to provide security of supply for construction industries because they only cover 10 years. | ||
| 590 | _aWB | ||
| 650 | _aQUARRYING | ||
| 650 | _aCONSTRUCTION INDUSTRY | ||
| 650 | _aBRICKWORKS | ||
| 650 | _aMINERAL PLANNING | ||
| 650 | _aCONSTRUCTION PRODUCTS ASSOCIATION | ||
| 690 | _aMINING AND MINERALS | ||
| 942 | _n0 | ||
| 999 |
_c68245 _d68245 |
||